| 000 | 00815cab a2200241 4500 | ||
|---|---|---|---|
| 001 | ABS44682 | ||
| 008 | 090401t1991 xxu||||| |||| 00| 0 eng d | ||
| 035 | _a(Sirsi) u48464 | ||
| 041 | _aeng | ||
| 100 | _aMacPherson, S. | ||
| 245 | _aShared vision | ||
| 260 | _c1991 | ||
| 350 | _a0 | ||
| 490 |
_aBuilding _v256(7700) 31 May 1991, 59(1) |
||
| 520 | _aDescribes the role of computers in Tarmac `s Total Build programme which allows information to be shared between offices and process from the beginning to the end of the project. | ||
| 650 | _aARCHITECTURE AND ENGINEERING SERIES | ||
| 650 | _aCONSTRUCTION PROJECTS | ||
| 650 | _aPROJECT INFORMATION | ||
| 650 | _aSKIDMORE OWINGS AND MERRILL | ||
| 690 | _aMANAGEMENT-BUSINESS MANAGEMENT-INFORMATION MANAGEMENT | ||
| 942 | _n0 | ||
| 948 | _c04/03/1997 | ||
| 999 |
_c30445 _d30445 |
||